| 000 | 00655nam a22001577a 4500 | ||
|---|---|---|---|
| 008 | 140617b xxu||||| |||| 00| 0 eng d | ||
| 020 | _a9780324274707 | ||
| 050 |
_aHB171.5 _b.N5153 |
||
| 100 | _aNechyba, Thomas. J | ||
| 245 |
_aMicroeconomics: _bAn intuitive approach/ _cThomas J. Nechyba, |
||
| 300 |
_aXiii, 783p. _billl, _c25cm |
||
| 500 | _aIncludes index | ||
| 505 | _aContents: Utility- Maximizing choice: workers, and savers -- Profit- Maximizing choice: producers(or "firms") -- Competitive markets and the "invisible hand" from strategic decisions -- Considering how to make the world a better place. | ||
| 650 | _aEconomics | ||
| 942 |
_2lcc _cBK |
||
| 999 |
_c2996 _d10496 |
||